000 00703nam a2200229 i 4500
001 C2-0104805
003 PPAK
005 20180727101227.0
008 970608s xx |||| ||||| | may d
040 _aPPAK
_beng
_cPPAK
_erda
082 0 4 _a899.231
_223
090 0 0 _a899.231
_bEFF
_dKIH
100 1 _aEffendy, Tenas,
_eauthor
245 1 0 _aKelakar dalam pantun Melayu :
_btinjauan singkat
264 1 _a[place of publication not identified] :
_b[publisher not identified] ,
_c[date of publication not identified]
300 _avi, 26 pages ;
_c21 cm
336 _2rdacontent
_atext
337 _2rdamedia
_aunmediated
338 _2rdacarrier
_avolume
650 1 0 _aMalay poetry
942 _ddc
_cB
999 _c25136
_d25136